Which City? - Statistics

General Stats
  • This quiz has been taken 32 times
  • The average score is 6 of 15
Answer Stats
Question Answer % Correct
Which city has the oldest underground metro system in the world? London
100%
Which city was not occupied by Axis forces during World War II? St Petersburg
100%
Which city is the official seat of the European Parliament? Strasbourg
100%
Which city once hosted the papacy? Avignon
50%
Which city has never been under communist rule? Buenos Aires
50%
Which city was the birthplace of former president Barack Obama? Honolulu
50%
Which city has the largest commuter ferry system in the world? Istanbul
50%
Which city has never hosted an Olympic Games? Madrid
50%
Which city has the largest Jewish population in the world? Tel Aviv
50%
Which city has a majority Muslim population? Beirut
0%
Which city was never part of the British Empire? Chicago
0%
Which city has the largest African-American population? Detroit
0%
Which city does not have any McDonald's outlets? La Paz
0%
Which city does not have an ocean-accessible harbour? Marrakesh
0%
Which city is not connected to a high-speed rail network? Toronto
0%
No matching quizzes found
Score Distribution
Percent of People with Each Score
Percentile by Number Answered
Your Score History
You have not taken this quiz